POWER OF LISTENING BUILD RICHER AND STRO (Record no. 26767)

MARC details
000 -LEADER
fixed length control field 00348nam a2200133Ia 4500
008 - FIXED-LENGTH DATA ELEMENTS--GENERAL INFORMATION
fixed length control field 240624s9999 xx 000 0 und d
041 ## - LANGUAGE CODE
Language code of text/sound track or separate title eng
082 ## - DEWEY DECIMAL CLASSIFICATION NUMBER
Classification number 658.452 HAR
100 ## - MAIN ENTRY--PERSONAL NAME
Personal name HARTLEY MARY
245 ## - TITLE STATEMENT
Title POWER OF LISTENING BUILD RICHER AND STRO
260 ## - PUBLICATION, DISTRIBUTION, ETC.
Date of publication, distribution, etc. 2016
Place of publication, distribution, etc. Mumbai
Name of publisher, distributor, etc. Jaico Publishing
300 ## - PHYSICAL DESCRIPTION
Extent 122 : p. : cm. ; 21
365 ## - TRADE PRICE
Currency code RS
Price amount 35
Holdings
Withdrawn status Lost status Damaged status Not for loan Home library Current library Shelving location Date acquired Source of acquisition Cost, normal purchase price Full call number Barcode Date last seen Copy number Price effective from Koha item type
        IMTN IMTN Rack 33-A 02/24/2016 WBD 199.00 658.452 HAR 26767 06/24/2024 1 06/24/2024 Books
Designed & Maintained by: LRC IMT Nagpur Contact: lrc@imtnag.ac.in© 2024. All Rights Reserved.